00666 2200241 4500001002100000005001700021008004100038020002200079035002400101041000800125043001200133082001200145090002200157100002000179245010400199250001000303260003600313300002500349650000800374700000800382850001200390999002200402YOGYA-0511000000116020110520094555.0 ind  a978-979-3752-43-3 0010-051100000001159 aInd aYOPDYOG a297.382 aDEP 297.382 Sya B aSYA'RONI, Irham aBerdoa dengan asmaul husnabCara ampuh membuka pintu kemakbulan doacIrham Syaroni ;penyunting Ali. acet 1 aYogyakartabCitra Risalahc2010 aviii, 124 hlmc13 cm aDoa aAli aYOPDYOG aCB-D.11 2010-1420